| 000 | 00906nam a2200229 a 4500 | ||
|---|---|---|---|
| 001 | 55680 | ||
| 003 | BD-RjUL | ||
| 005 | 20211209080312.0 | ||
| 008 | 161121s1976 ii ||||| |||| 00| 0 ben d | ||
| 020 | _c: IRs 22.00 | ||
| 035 | _a(BD-RjUL)55804 | ||
| 040 |
_aBD-RjUL _bben _cBD-RjUL |
||
| 041 | _aben | ||
| 082 |
_223 _a891.4408 _bSAS 1976 |
||
| 100 |
_a স্বপনবুড়ো _9165848 |
||
| 245 | 1 | 0 |
_aস্বপনবুড়োর সাহিত্য সম্ভার / _cস্বপনবুড়ো |
| 260 |
_aকলিকাতা : _bশিশুসাহিত্য প্রচার সংস্থা, _c১৯৭৬ [১৩৮৩], |
||
| 300 |
_a[২০], ৫০৮ পৃ . ; _c২১ সেমি . |
||
| 650 |
_aBengali literature _xCollected Work _9148350 |
||
| 650 |
_aবাংলা সাহিত্য _xসংগ্রহ _9122902 |
||
| 942 |
_2ddc _cBK |
||
| 999 |
_c55680 _d55680 |
||